Defensive Design for the Web / (Record no. 615463)

000 -LEADER
fixed length control field 00363nam a22001337a 4500
020 ## - INTERNATIONAL STANDARD BOOK NUMBER
Qualifying information PB.
040 ## - CATALOGING SOURCE
Transcribing agency FIZZA ISHAQ
082 ## - DEWEY DECIMAL CLASSIFICATION NUMBER
Classification number 005.1
Author Mark LIN
100 ## - MAIN ENTRY--PERSONAL NAME
Personal name Linderman, Matthew.
9 (RLIN) 132203
245 ## - TITLE STATEMENT
Title Defensive Design for the Web /
Statement of responsibility, etc. Matthew Linderman.
260 ## - PUBLICATION, DISTRIBUTION, ETC.
Place of publication, distribution, etc. NEW YORK:
Name of publisher, distributor, etc. New Riders Press,
Date of publication, distribution, etc. 2004.
300 ## - PHYSICAL DESCRIPTION
Extent 246 P. ;
Dimensions 23.7X18 X1.1cm
942 ## - ADDED ENTRY ELEMENTS (KOHA)
Source of classification or shelving scheme
Koha item type Book
Holdings
Withdrawn status Lost status Source of classification or shelving scheme Damaged status Not for loan Permanent Location Current Location Shelving location Date acquired Total Checkouts Full call number Barcode Date last seen Price effective from Koha item type
          NUST Baluchistan Campus (NBC) NUST Baluchistan Campus (NBC) General Stacks 12/05/2025   005.1 LIN QD-377 12/05/2025 12/05/2025 Book
© 2023 Central Library, National University of Sciences and Technology. All Rights Reserved.